Роль науки в трансформирующемся мире. Вып. 1 (16): Сборник научных трудов курсантов и студентов Второй научной конференции 14 февраля 2019 года (Запись № 12653476)

Подробности
000 -МАРКЕР
контрольное поле 01578nam2a2200229 4500
001 - ИДЕНТИФИКАТОР ЗАПИСИ
контрольное поле RU\NLR\BIBL_A\012626292
005 - ИДЕНТИФИКАТОР ВЕРСИИ
контрольное поле 20250624092939.0
010 ## - МЕЖДУНАРОДНЫЙ СТАНДАРТНЫЙ НОМЕР КНИГИ (ISBN)
Номер (ISBN) 978-5-6042111-1-3
035 ## - ДРУГИЕ СИСТЕМНЫЕ НОМЕРА
Идентификатор записи (NLR Aleph) 012626292
100 ## - ДАННЫЕ ОБЩЕЙ ОБРАБОТКИ
Данные общей обработки 20211020d2019 |||y0rusy50 ca
101 0# - ЯЗЫК РЕСУРСА
Язык текста, звукозаписи и т.д. русский
102 ## - СТРАНА ПУБЛИКАЦИИ ИЛИ ПРОИЗВОДСТВА
Страна публикации Российская Федерация
200 1# - ЗАГЛАВИЕ И СВЕДЕНИЯ ОБ ОТВЕТСТВЕННОСТИ
Основное заглавие Сборник научных трудов курсантов и студентов Второй научной конференции 14 февраля 2019 года
210 ## - ПУБЛИКАЦИЯ, РАСПРОСТРАНЕНИЕ И ДР.
Дата издания, распространения и т.д. 2019
Место издания, распространения и т.д. Б. м.
461 #0 - УРОВЕНЬ НАБОРА
Встроенное поле 001RU\NLR\BIBL_A\012058325
-- 2001#$aРоль науки в трансформирующемся мире$fЧерномор. высш. воен.-мор. училище им. П.С. Нахимова, ФГАОУ ВО "Крым. федерал. ун-т им. В.И. Вернадского", Севастоп. экон.-гуманит. ин-т (фил.)$vВып. 1 (16)
Системный номер (АБИС) связанной записи 11689597
Место публикации Севастополь
Дата публикации 2019 -
Первые сведения об ответственности Черномор. высш. воен.-мор. училище им. П.С. Нахимова, ФГАОУ ВО "Крым. федерал. ун-т им. В.И. Вернадского", Севастоп. экон.-гуманит. ин-т (фил.)
Имя издателя, распространителя и т.д. ЧВВМУ
Заглавие Роль науки в трансформирующемся мире
Номер тома Вып. 1 (16)
711 12 - НАИМЕНОВАНИЕ ОРГАНИЗАЦИИ - АЛЬТЕРНАТИВНАЯ ОТВЕТСТВЕННОСТЬ
Начальный элемент ввода "Роль науки в трансформирующемся мире", научная конференция
Порядковый номер временной организации и / или порядковый номер ее части 2
Место проведения временной организации Севастополь
Дата проведения временной организации 2019
Системный номер авторитетной/нормативной записи 774182
Идентификатор авторитетной/нормативной записи RU\NLR\AUTH\880553803
852 ## - МЕСТОНАХОЖДЕНИЕ И ШИФР ХРАНЕНИЯ
Идентификатор организации NLR
Шифр хранения (Call Number) П23/9576
942 ## - ДОПОЛНИТЕЛЬНЫЕ ЭЛЕМЕНТЫ ЗАПИСИ (АБИС)
Тип экземпляра АБИС Выпуск
980 ## - КОЛЛЕКЦИЯ
Название коллекции Национальная библиография
980 ## - КОЛЛЕКЦИЯ
Название коллекции Русская периодика

Нет доступных экземпляров.